| 000 | 00516cam a2200193ua 4500 | ||
|---|---|---|---|
| 001 | 1902 | ||
| 008 | 110811n ii |||gr||||Z||||||eng | ||
| 020 | _a81-207-0084-8 | ||
| 040 | _cMAIN | ||
| 082 | _a373.1 | ||
| 100 |
_aKachhar, S. K., _eAuthor. |
||
| 245 | 1 |
_aSecondary school administration _cby S. K. Kochhar |
|
| 250 | _a1st. | ||
| 260 |
_aNew Delhi: _bSterling publishers pvt. ltd., _c2000. |
||
| 300 |
_a468p: _bill; _c23cm. |
||
| 653 | _aEducation | ||
| 653 | _aSecondary school administration | ||
| 942 | _cBK | ||
| 999 |
_c1777 _d1777 |
||